|
|
|
|
| LEADER |
00000cam a2200000 a 4500 |
| 001 |
vtls001323067 |
| 003 |
SK-MaSNL |
| 005 |
20260301114148.0 |
| 008 |
251113s1997 gw 00000 ger |
| 020 |
|
|
|a 3499603462
|c [367,00]
|
| 035 |
|
|
|a SNK000275755
|
| 040 |
|
|
|a SNK
|b slo
|c SNK
|e AACR2
|
| 041 |
1 |
|
|a ger
|h eng
|
| 044 |
|
|
|a gw
|c DE
|
| 080 |
|
|
|a 003.321
|2 1981
|
| 100 |
1 |
|
|a Coe, Michael D.
|4 aut
|9 457244
|
| 240 |
1 |
0 |
|a Breaking the Maya Code
|l Nemecky
|
| 245 |
1 |
4 |
|a Das Geheimnis der Maya-Schrift
|b ein Code wird entschlüsselt
|c Michael D. Coe ; Deutsch von Frauke J. Riese
|
| 260 |
|
|
|a Reinbek bei Hamburg
|b Rowohlt
|c 1997
|
| 300 |
|
|
|a 447 s.
|c 19 cm
|
| 490 |
1 |
|
|a Sachbuch rororo
|
| 650 |
0 |
7 |
|a písmo Mayov
|2 SNKPH
|9 457245
|
| 655 |
|
7 |
|a monografie
|2 SNKPH
|9 70139
|
| 700 |
1 |
|
|a Riese, Frauke J.
|4 aut
|9 457246
|
| 830 |
|
0 |
|a Sachbuch rororo
|9 382914
|
| 919 |
|
|
|a 3-499-60346-2
|
| 999 |
|
|
|c 717340
|d 719270
|
| 952 |
|
|
|t P60, <04>, [BOOK], {604}
|a SNK
|b SNK
|y VYP
|7 0
|p 17A0125167
|o snkID 96279
|i snkV 129/98
|0 0
|1 0
|4 0
|d 1998-03-03
|l 0
|r 2005-01-02 00:00:00
|w 2026-02-23
|